000 00831nam a22002417a 4500
003 DO-SdBNP
005 20171129132601.0
008 171109b 1991 sp a ||||| |||| 00| 0 spa d
020 _a8431031409
040 _aBPMSU
_bspa
_cBPMSU
092 _axxxx
_bxxxx
100 1 _aEstes, Rose
240 1 _a Indiana Jones and the lost treasure of Sheba.
_lEspañol
245 1 0 _aIndiana Jones y el tesoro perdido de Saba /
_cpor Rose Estes ; traducción de Consuela González de Ortega.
260 _aBarcelona :
_bToray,
_c1991.
300 _a115 p. ;
_bil. ;
_c19 cm.
490 1 _aEscoge tu propia aventura
_v2
700 1 2 _aGonzález de Ortega, Consuelo,
_etr.
830 _aEscoge tu propia aventura
_v2
942 _2ddc
_cBK
945 _ainventariado extranjero / DG
956 _aLOPEREZ
_b10
_c20171109
_iBPMSU
_h00041
999 _c12824
_d12824